_Special needs education module 21 Elementary sign language Part 11 Bakari Ali (Record no. 7344)
[ view plain ]
| 000 -LEADER | |
|---|---|
| fixed length control field | 00410nam a2200133Ia 4500 |
| 008 - FIXED-LENGTH DATA ELEMENTS--GENERAL INFORMATION | |
| fixed length control field | 151021s9999 xx 000 0 und d |
| 050 ## - LIBRARY OF CONGRESS CALL NUMBER | |
| Classification number | LC 3988 .k4k57 2003 |
| 245 ## - TITLE STATEMENT | |
| Title | _Special needs education module 21 Elementary sign language Part 11 Bakari Ali |
| 260 ## - PUBLICATION, DISTRIBUTION, ETC. (IMPRINT) | |
| Place of publication, distribution, etc. | Nairobi KiSE 2003 |
| 300 ## - PHYSICAL DESCRIPTION | |
| Extent | vii,56p.;ill |
| 650 ## - SUBJECT ADDED ENTRY--TOPICAL TERM | |
| Topical term or geographic name as entry element | _Sign language |
| 700 ## - ADDED ENTRY--PERSONAL NAME | |
| Personal name | _Renson Okwaro |
| 980 ## - EQUIVALENCE OR CROSS-REFERENCE-SERIES STATEMENT--PERSONAL NAME/TITLE [LOCAL, CANADA] | |
| Personal name | ^d20110615 05:41:51^oanne |
No items available.